书目信息 |
| 题名: |
俄国在远东
|
|
| 作者: | 科罗斯托维茨 著 ;李金秋 译 | |
| 分册: | ||
| 出版信息: | 北京 商务印书馆 1975 |
|
| 页数: | 188页 | |
| 开本: | 20cm | |
| 丛书名: | ||
| 单 册: | ||
| 中图分类: | K31 | |
| 科图分类: | ||
| 主题词: | 俄国-侵略扩张-远东亚--历史 , 东亚--历史 | |
| 电子资源: | ||
| ISBN: | ||
| 000 | 00698nam0 2200241 45 | |
| 001 | 0175003352 | |
| 005 | 20060405165734.53 | |
| 010 | @dCNY0.62 | |
| 100 | @a19950717d1975 em y0chiy0121 ea | |
| 101 | 0 | @achi@crus |
| 102 | @aCN@b110000 | |
| 105 | @ay z 000yy | |
| 200 | 10 | @a俄国在远东@Ae guo zai yuan dong@f(俄)科罗斯托维茨著@F(e)ke luo si tuo wei ci zhu@g李金秋等译 |
| 210 | @a北京@c商务印书馆@d1975 | |
| 215 | @a188页@d20cm | |
| 606 | @a俄国-侵略扩张-远东亚@x历史 | |
| 606 | 0 | @a东亚@x历史 |
| 690 | @aK31@v3 | |
| 701 | 1 | @a科罗斯托维茨@Ake luo si tuo wei ci@bN.R.@4著 |
| 702 | 0 | @a李金秋@Ali jin qiu@4译 |
| 801 | 2 | @aCN@bNLC@c20060405 |
| 801 | 0 | @aCN@bTSSF |
| 905 | @a10447@dK31@e1-2 | |
| 俄国在远东/(俄)科罗斯托维茨著/李金秋等译.-北京:商务印书馆,1975 |
| 188页;20cm |
| ISBN :CNY0.62 |
| ● |
| 相关链接 |
|
|
|
|
正题名:俄国在远东
索取号:K31/1-2
 
预约/预借
| 序号 | 登录号 | 条形码 | 馆藏地/架位号 | 状态 | 备注 |
| 1 | 0001097 | 202225387 | 密集书库/ [索取号:K31/1-2] | 在馆 |